Komentář k vybrané judikatuře Soudního dvora EU /

Hlavní autor: Sehnálek, David, 1979-
Korporativní autor: Masarykova univerzita. Katedra mezinárodního a evropského práva
Další autoři: Rohová, Iveta, 1988-
Jazyk: Čeština
Vydáno: Brno : Masarykova univerzita, 2021
Vydání: 2., přepracované a doplněné vydání
Edice: Učebnice Právnické fakulty MU ; sv. č. 551
Témata:
Fyzický popis: 250 stran ; 21 cm
Knihy
Uloženo v:
LEADER 03001nam a2200697 i 4500
001 nkc20213312629
003 CZ PrNK
005 20221124073642.0
007 ta
008 210317s2021 xr e p 000 0 cze
015 |a cnb003312629 
020 |a 978-80-210-9789-6  |q (brožováno) 
035 |a (OCoLC)1257529745 
040 |a OLA001  |b cze  |e rda 
041 1 |a cze  |h und 
043 |a e------ 
072 7 |a 34  |x Právo  |2 Konspekt  |9 16 
072 7 |a 37.016  |x Učební osnovy. Vyučovací předměty. Učebnice  |2 Konspekt  |9 22 
080 |a 341.171(4)  |2 MRF 
080 |a 340.132  |2 MRF 
080 |a 341.171.021(4)  |2 MRF 
080 |a 340.132  |2 MRF 
080 |a 347.951  |2 MRF 
080 |a (4)  |2 MRF 
080 |a (075.8)  |2 MRF 
100 1 |a Sehnálek, David,  |d 1979-  |7 mzk2007411425  |4 cwt 
245 1 0 |a Komentář k vybrané judikatuře Soudního dvora EU /  |c David Sehnálek a Iveta Rohová 
250 |a 2., přepracované a doplněné vydání 
264 1 |a Brno :  |b Masarykova univerzita,  |c 2021 
300 |a 250 stran ;  |c 21 cm 
336 |a text  |b txt  |2 rdacontent 
337 |a bez média  |b n  |2 rdamedia 
338 |a svazek  |b nc  |2 rdacarrier 
490 1 |a Učebnice Právnické fakulty MU ;  |v sv. č. 551 
500 |a Částečně přeloženo? 
500 |a Na obálce nad názvem: katedra mezinárodního a evropského práva 
504 |a Obsahuje bibliografie a bibliografické odkazy 
610 2 7 |a Soudní dvůr Evropské unie  |7 ko2015883273  |2 czenas 
650 0 7 |a evropské právo  |7 ph121776  |2 czenas 
650 0 7 |a aplikace práva  |7 ph569369  |z země Evropské unie  |2 czenas 
650 0 7 |a přednost evropského práva  |7 ph740204  |2 czenas 
650 0 7 |a interpretace práva  |7 ph207466  |z země Evropské unie  |2 czenas 
650 0 7 |a soudní rozhodnutí a stanoviska  |7 ph125859  |z země Evropské unie  |2 czenas 
650 0 9 |a European law  |2 eczenas 
650 0 9 |a application of law  |z European Union countries  |2 eczenas 
650 0 9 |a supremacy of European law  |2 eczenas 
650 0 9 |a interpretation of law  |z European Union countries  |2 eczenas 
650 0 9 |a judgments  |z European Union countries  |2 eczenas 
655 7 |a učebnice vysokých škol  |7 fd133772  |2 czenas 
655 9 |a textbooks (higher)  |2 eczenas 
700 1 |a Rohová, Iveta,  |d 1988-  |7 mub2017970383  |4 cwt 
710 2 |a Masarykova univerzita.  |b Katedra mezinárodního a evropského práva  |7 mub2011629354  |4 isb 
810 2 |a Masarykova univerzita.  |b Právnická fakulta.  |t Učebnice  |0 s 
910 2 |a BOA001  |b 2-1462.793 
990 |a BK 
995 |a 01 
991 |b 202105  |c NOV 
996 6 |b 2610862486  |c 2-1462.793  |l MZK  |r Sklad / do 1 hodiny  |n 14  |p p.v.  |w 001848684  |u 000010  |a 1  |e BOA001  |j MZK50  |s P 
996 7 |b 2610862487  |c 2-1462.793  |l Vol.výběr  |r VV 0p  |n 12  |p p.v.  |h 34 SEH  |w 001848684  |u 000020  |a 0  |e BOA001  |j MZK50  |s A 
996 7 |b 2610923295  |c 2-1462.793  |l Vol.výběr  |r VV 0p  |n 6  |p kup  |h 34 SEH  |w 001848684  |u 000030  |a 0  |e BOA001  |j MZK50  |s A 
996 7 |b 2610923296  |c 2-1462.793  |l Vol.výběr  |r VV 0p  |n 4  |p kup  |h 34 SEH  |w 001848684  |u 000040  |a 0  |e BOA001  |j MZK50  |s A